000 00637cam a2200217 4500
008 000000n1999 000 0 eng u
020 _a0747223300
035 _a(Sirsi) u103159
050 _a395
100 _aNoel, Celestria
_xeditor
245 _aDebrett's correct form : standard styles of address for everyone from peers to presidents.
250 _aRevised ed.
260 _aLondon
_bHeadline
_c1999
300 _a375p. ; 24cm.
350 _a20.00
650 _aDEBRETTS PEOPLE OF TODAY
650 _aLETTER WRITING
650 _aTITLES
690 _aMANAGEMENT-BUSINESS MANAGEMENT-PROFESSIONAL PRACTICE
942 _n0
999 _c100091
_d100091